Process systems analysis and control (Record no. 13575)

000 -LEADER
fixed length control field 00578nam a22002051 4500
001 - CONTROL NUMBER
control field 13575
003 - CONTROL NUMBER IDENTIFIER
control field BD-DhUET
008 - FIXED-LENGTH DATA ELEMENTS--GENERAL INFORMATION
fixed length control field 730306s1965 nyua b 000 0 eng
040 ## - CATALOGING SOURCE
Original cataloging agency DLC
Transcribing agency DLC
Modifying agency BD-DhUET
082 ## - DEWEY DECIMAL CLASSIFICATION NUMBER
Classification number 660.284
Item number COU/1965
100 1# - MAIN ENTRY--PERSONAL NAME
Personal name Coughanowr, Donald R.
245 10 - TITLE STATEMENT
Title Process systems analysis and control
250 ## - EDITION STATEMENT
Edition statement 1st ed.
260 ## - PUBLICATION, DISTRIBUTION, ETC. (IMPRINT)
Place of publication, distribution, etc. New York
Name of publisher, distributor, etc. McGraw-Hill
Date of publication, distribution, etc. 1965
300 ## - PHYSICAL DESCRIPTION
Extent xii, 491 p.
Other physical details ill.
Dimensions 21 cm.
490 ## - SERIES STATEMENT
Series statement McGraw-Hill chemical engineering series
650 #0 - SUBJECT ADDED ENTRY--TOPICAL TERM
Topical term or geographic name as entry element Control devices process engineering
700 ## - ADDED ENTRY--PERSONAL NAME
Personal name Koppel, Lowell B.
942 ## - ADDED ENTRY ELEMENTS (KOHA)
Koha item type General Book
Holdings
Koha normalized classification for sorting Source of classification or shelving scheme Koha date last borrowed Sublocation or collection (holding branch) Shelving location Koha full call number Copy number Koha issues (times borrowed) Koha date last seen Piece designation (barcode) Price effective from Date acquired Damaged status Location (home branch) Withdrawn status Lost status Koha item type Not for loan
660_284000000000000_COU_1965  Central Library, BUETCirculation section660.284/COU/19651 2015-03-03296992015-03-032015-03-03 Central Library, BUET  General Book 
660_284000000000000_COU_1965 2017-05-09Central Library, BUETCirculation section660.284/COU/1965212017-05-09296892015-03-032015-03-03 Central Library, BUET  General Book 
660_284000000000000_COU_1965  Central Library, BUETCirculation section660.284/COU/19653 2015-03-03296972015-03-032015-03-03 Central Library, BUET  General Book 
660_284000000000000_COU_1965  Central Library, BUETCirculation section660.284/COU/19654 2015-03-03296922015-03-032015-03-03 Central Library, BUET  General Book 
660_284000000000000_COU_1965  Central Library, BUETCirculation section660.284/COU/19655 2015-03-03296982015-03-032015-03-03 Central Library, BUET  General Book 
660_284000000000000_COU_1965  Central Library, BUETCirculation section660.284/COU/19656 2015-03-03296902015-03-032015-03-03 Central Library, BUET  General Book 
660_284000000000000_COU_1965  Central Library, BUETCataloging to Circulation660.284/COU/19657 2015-03-03296882015-03-032015-03-03 Central Library, BUET  General Book 
660_284000000000000_COU_1965  Central Library, BUETCirculation section660.284/COU/19658 2015-03-04345192015-03-042015-03-04 Central Library, BUET  General Book 
660_284000000000000_COU_1965  Central Library, BUETCirculation section660.284/COU/19659 2015-05-11296942015-05-112015-05-11 Central Library, BUET  General Book 
660_284000000000000_COU_1965  Central Library, BUETCirculation section660.284/COU/196510 2015-05-11296962015-05-112015-05-11 Central Library, BUET  General Book 
660_284000000000000_COU_1965  Central Library, BUETCirculation section660.284/COU/196511 2015-05-13296952015-05-132015-05-13 Central Library, BUET  General Book 
660_284000000000000_COU_1965  Central Library, BUETCirculation section660.284/COU/196512 2015-05-14178692015-05-142015-05-14 Central Library, BUET  General Book 
660_284000000000000_COU_1965  Central Library, BUETCirculation section660.284/COU/196513 2015-05-18158222015-05-182015-05-18 Central Library, BUET  General Book 
660_284000000000000_COU_1965  Central Library, BUETReading section660.284/COU/196514 2015-06-20297002015-06-202015-06-20 Central Library, BUET  General Book 
660_284000000000000_COU_1965  Central Library, BUETReading section660.284/COU/196515 2015-06-20297012015-06-202015-06-20 Central Library, BUET  General Book 
660_284000000000000_COU_1965  Central Library, BUETCirculation section660.284/COU/196516 2015-07-10167162015-07-102015-07-10 Central Library, BUET  General Book